00687nam a2200229 a 4500001001300000003000900013005001700022008004100039020001000080082001500090245004600105260003400151300000800185500003500193505001000228650002400238710005000262902000800312942000700320952011500327999001500442nice12345678IN_TiNIC20260116011940.0050524s0000 mana grp 000 0 eng  ac10000a268.6bINT aDivisions in Christianity in Easy English aManchesterbLight Trustc0000 a24p aincludes index and biblioraphy2 aIndex aChristian-Education2 aInternational Religious Investigation Society bSRS cBK 001040708StackRoom-aHMIbHMId2007-07-13g100.00l0o268.6 INTp05682r2007-07-13v100.00w2005-05-24yBK c5020d5020